Visualizzazione normale
Vista MARC
- Psicologia.
di Genre/Form Term
Records bibliografici associati: 1
001 - CONTROL NUMBER
- control field: 57054
003 - CONTROL NUMBER IDENTIFIER
- control field:
005 - DATE AND TIME OF LATEST TRANSACTION
- control field: 20180507142156.0
008 - FIXED-LENGTH DATA ELEMENTS
- fixed length control field: 180507|| aca||aabn | a|a d
040 ## - CATALOGING SOURCE
- Original cataloging agency:
- Transcribing agency:
155 ## - HEADING--GENRE/FORM TERM
- Genre/form term: Psicologia.
- General subdivision: Psicoterapia - Emozioni
670 ## - SOURCE DATA FOUND
- Source citation: Work cat.: ()0: Guerra, Giuliano, 1951- psicoterapeuta 57053, La crisi :, 2016